000 00462nam a2200193Ia 4500
008 101110s9999 xx 000 0 und d
041 _aMARATHI
082 _bSR15992
_a891.4609
100 _aNalage Chandrkumar, Pantavane Gangadhar
245 _aDalit Aatmakathan
365 _b50
520 _aMarathi
546 _aMARATHI
630 _aDalit Aatmakathan
650 _aMarathi
655 _aMarathi
730 _aDalit Aatmakathan
942 _cBOOK
999 _c809834
_d809831